000 00575cam a22002053a 4500
001 37520
003 PGUSA
005 20140828083825.0
008 110924s2011||||xxu|||||s|||||000 | eng d
040 _aPGUSA
_beng
042 _adc
100 1 _aFerguson, Robert,
_d1817-1898
245 1 0 _aSurnames as a Science
_h[electronic resource] /
_cRobert Ferguson
260 _bProject Gutenberg,
_c2011
506 _aPublic domain in the USA.
516 _aElectronic text
830 0 _aProject Gutenberg
_v37520
856 4 0 _uhttp://www.gutenberg.org/ebooks/37520
942 _cEB
999 _c266774
_d266774